000 00363nam a22001457a 4500
003 LK-CoDNM
005 20240829111532.0
008 240829b |||||||| |||| 00| 0 eng d
040 _aLK-CoDNM
_dLK-CoDNM
_eLK-CoDNM
080 _b1880
245 _aThe ceylon Civil List
260 _aColombo
_bGoverment press
_c1880
300 _bx, 199p. : 21 cm
942 _cBK
999 _c149928
_d149928